000 00793cam a2200265 a 4500
999 _c2198
_d2198
001 00168491
003 OCoLC
005 20230327105842.0
008 090709r20082005enka j 000 1 eng
020 _a9780440868507 (pbk.)
035 _aUM035514
035 _a(OCoLC)236119973
040 _aNTPU
_cNTPU
_dKH8
042 _anbic
082 0 _a823.92 WIL
100 1 _aWilson, Jacqueline.
_eauthor
245 1 0 _aClean break /
_cJacqueline Wilson ; illustrated by Nick Sharratt.
260 _aLondon :
_bCorgi Yearling,
_c2008, c2005.
300 _a301 p. :
_bill. ;
_c20 cm.
500 _aOriginally published:Great Britain: Doubleday, 2005.
650 0 _aStepfathers
_vJuvenile fiction.
655 0 _aChildren's stories.
700 1 _aSharratt, Nick.
_eillustrator
942 _2ddc
_cFIC